00294pab a2200121 454500008004000000100002100040245004900061260000900110300001300119362001200132650001400144773001400158180718b2001 xxu||||| |||| 00| 0 eng d aJain, Prakash C. aPolitical economy of the demise of apartheid c2001 ap.118-35 aJan-Feb aApartheid aEncounter